<?xml version="1.0" encoding="UTF-8"?>
<record
    xmlns:xsi="http://www.w3.org/2001/XMLSchema-instance"
    xsi:schemaLocation="http://www.loc.gov/MARC21/slim http://www.loc.gov/standards/marcxml/schema/MARC21slim.xsd"
    xmlns="http://www.loc.gov/MARC21/slim">

  <leader>00280nam a22001217a 4500</leader>
  <datafield tag="020" ind1=" " ind2=" ">
    <subfield code="a">9789251061015</subfield>
  </datafield>
  <datafield tag="022" ind1=" " ind2=" ">
    <subfield code="a">20714505</subfield>
  </datafield>
  <datafield tag="040" ind1=" " ind2=" ">
    <subfield code="c">DLC</subfield>
  </datafield>
  <datafield tag="082" ind1=" " ind2=" ">
    <subfield code="a">FAO ECO 2008 C227 Or.</subfield>
  </datafield>
  <datafield tag="245" ind1=" " ind2=" ">
    <subfield code="a">ECONOMICS FOR MARKET-ORIENTED FARMING</subfield>
  </datafield>
  <datafield tag="260" ind1=" " ind2=" ">
    <subfield code="a">Phnom Penh</subfield>
    <subfield code="b">RUA</subfield>
    <subfield code="c">2008</subfield>
  </datafield>
  <datafield tag="942" ind1=" " ind2=" ">
    <subfield code="c">REC</subfield>
  </datafield>
  <datafield tag="999" ind1=" " ind2=" ">
    <subfield code="c">21355</subfield>
    <subfield code="d">21355</subfield>
  </datafield>
  <datafield tag="952" ind1=" " ind2=" ">
    <subfield code="0">0</subfield>
    <subfield code="1">0</subfield>
    <subfield code="2">ddc</subfield>
    <subfield code="4">0</subfield>
    <subfield code="6">FAO_ECO_2008_000000000000000_C227_OR</subfield>
    <subfield code="7">0</subfield>
    <subfield code="9">93305</subfield>
    <subfield code="a">LBC</subfield>
    <subfield code="b">LBC</subfield>
    <subfield code="c">C227</subfield>
    <subfield code="d">2023-05-17</subfield>
    <subfield code="o">FAO ECO 2008 C227 Or.</subfield>
    <subfield code="p">rua060020</subfield>
    <subfield code="r">2023-05-17</subfield>
    <subfield code="w">2023-05-17</subfield>
    <subfield code="y">REC</subfield>
  </datafield>
  <datafield tag="952" ind1=" " ind2=" ">
    <subfield code="0">0</subfield>
    <subfield code="1">0</subfield>
    <subfield code="2">ddc</subfield>
    <subfield code="4">0</subfield>
    <subfield code="6">FAO_ECO_2008_000000000000000_C227_OR</subfield>
    <subfield code="7">0</subfield>
    <subfield code="9">93306</subfield>
    <subfield code="a">LBC</subfield>
    <subfield code="b">LBC</subfield>
    <subfield code="c">C227</subfield>
    <subfield code="d">2023-05-17</subfield>
    <subfield code="o">FAO ECO 2008 C227 Or.</subfield>
    <subfield code="p">rua059900</subfield>
    <subfield code="r">2023-05-17</subfield>
    <subfield code="w">2023-05-17</subfield>
    <subfield code="y">REC</subfield>
  </datafield>
  <datafield tag="952" ind1=" " ind2=" ">
    <subfield code="0">0</subfield>
    <subfield code="1">0</subfield>
    <subfield code="4">0</subfield>
    <subfield code="6">FAO_ECO_2008_000000000000000_C227_OR</subfield>
    <subfield code="7">0</subfield>
    <subfield code="9">96679</subfield>
    <subfield code="a">LBC</subfield>
    <subfield code="b">LBC</subfield>
    <subfield code="c">C227</subfield>
    <subfield code="d">2023-12-06</subfield>
    <subfield code="o">FAO ECO 2008 C227 Or.</subfield>
    <subfield code="p">rua059960</subfield>
    <subfield code="r">2023-12-06</subfield>
    <subfield code="w">2023-12-06</subfield>
    <subfield code="y">REC</subfield>
  </datafield>
</record>
